Dynamics of Network Resonance: The Case of the Transnational Helsinki Network

Titel: Dynamics of Network Resonance: The Case of the Transnational Helsinki Network / Ki-Joon Hong
Verfasser:
In: Europe Asia studies, Band 71, Heft 5 (2019), Seite 717-735
alle Artikel anzeigen
Veröffentlicht: 2019
Format: Aufsatz
Sprache: Englisch
Schlagworte:
Kein Bild verfügbar
X
alg: 52318840
001A    $03025:05-11-24 
001B    $01999:05-11-24 $t22:45:29.000 
001D    $03025:05-11-24 
001U    $0utf8 
001X    $00 
002@    $0Oou 
002C    $aText $btxt $2rdacontent 
002D    $aComputermedien $bc $2rdamedia 
002E    $aOnline-Ressource $bcr $2rdacarrier 
003@    $0523188404 
007A    $0523188404 $aHEB 
009Q    $uhttps://doi.org/10.1080/09668136.2019.1600660 $xVolltext 
010@    $aeng 
010E    $erda 
011@    $a2019 
021A    $aDynamics of Network Resonance: The Case of the Transnational Helsinki Network $hKi-Joon Hong 
028A    $BVerfasser $4aut $8Hong, Ki-Joon [Tp3] $9453294928 
031A    $d71 $e5 $h717-735 $j2019 
039B    $aEnthalten in $8--Obvc--. Europe Asia studies. - New York, NY : Routledge, Taylor & Francis Group, 1993-. - Online-Ressource. - ISSN 1465-3427 $x201900000710005283 $9082062366 
044K    $8$aKonferenz über Sicherheit und Zusammenarbeit in Europa Schlussakte [Tu1] $9452042704 
044K    $RVernetzung $#Netzwerk $#Netzwerk $#Netz Netzwerk $74171529-9 $8Netzwerk [Ts1] $9085789844 
044K    $RFortschritt $RWandel $RSoziale Evolution $#Social change $#Changement social $#Gesellschaft Strukturwandel $#Gesellschaft Wandel $#Gesellschaftlicher Wandel $#Gesellschaftswandel $#Soziale Änderung $#Soziale Veränderung $#Gesellschaft Strukturelle Anpassung $74077587-2 $8Sozialer Wandel [Ts1] $9085219908 
044K    $RKooperation $#International cooperation $#Coopération internationale $#international cooperation $#Internationale Zusammenarbeit $#internationale Zusammenarbeit $#Internationale Beziehungen Kooperation $#Internationale Zusammenarbeit $74120503-0 $8Internationale Kooperation [Ts1] $9085385085 
044K    $ROpposition $RDissidentin $#Dissenters $#Dissidents $#Dissident $#Nonkonformist $#Abweichler Dissident $74150218-8 $8Dissident [Ts1] $9085617881 
044K    $RGesellschaft $RBürgerliche Gesellschaft $#Civil society $#Société civile $#Sociedad civil $#Zivilgesellschaft $#Zivilgesellschaft $#Bürgergesellschaft $#Civil society $#Demokratische Bürgergesellschaft $77668631-0 $8Zivilgesellschaft [Ts1] $9214491838 
045F    $a909 $eDDC23BSB 
045F/01 $a909 
045F/03 $f09047 
045F/03 $f09048 
045F/03 $g437 
045R    $aGeschichte 1975-1989 
045T    $aOST $qDE-12 $2FID 
045T    $aASIEN $qDE-1a $2FID 

lok: 52318840 78

exp: 52318840 78 1 #EPN
201B/01 $005-11-24 $t14:55:01.000 
201C/01 $005-11-24 
201U/01 $0utf8 
203@/01 $01281312479 
208@/01 $a05-11-24 $be 
209A/01 $a/ $f000 $x00 
209A/01 $ab*p $x01 
220C/01 $apgar 
244Z/01 $#Ostmitteleuropa $#Ostmitteleuropa $#Mitteleuropa, Ost $#Central Europe Ostmitteleuropa $#Mittelosteuropa $74075753-5 $8--Tg1--Ostmitteleuropa $x05 $9085214485 
247C/01 $82080>Marburg/Lahn, Herder-Institut, Forschungsbibliothek, Bibliographieportal $9336309341
LEADER 00000caa a2200000 c 4500
001 523188404
003 DE-603
005 20241105224529.0
007 cr||||||||||||
008 241105s2019 xx |||| o| u00||u|eng c
035 |a (DE-599)HEB523188404 
040 |a DE-603  |b ger  |c DE-603  |d DE-603  |e rda 
041 |a eng 
082 0 4 |8 1\u  |a 909  |q DE-101  |2 23/BSB 
084 |a OST  |q DE-12  |2 fid 
084 |a ASIEN  |q DE-1a  |2 fid 
085 |8 1\u  |b 909 
085 |8 1\u  |z 1  |s 09047 
085 |8 1\u  |z 1  |s 09048 
085 |8 1\u  |z 2  |s 437 
100 1 |a Hong, Ki-Joon  |e Verfasser  |4 aut  |0 (DE-603)453294928  |0 (DE-588)1194963722  |2 gnd 
245 0 0 |a Dynamics of Network Resonance: The Case of the Transnational Helsinki Network  |c Ki-Joon Hong 
264 0 |c 2019 
336 |a Text  |b txt  |2 rdacontent 
337 |a Computermedien  |b c  |2 rdamedia 
338 |a Online-Ressource  |b cr  |2 rdacarrier 
630 0 7 |a Konferenz über Sicherheit und Zusammenarbeit in Europa Schlussakte  |0 (DE-588)1192800648  |0 (DE-603)452042704  |2 gnd 
648 7 |a Geschichte 1975-1989  |2 gnd 
650 7 |a Netzwerk  |0 (DE-588)4171529-9  |0 (DE-603)085789844  |2 gnd 
650 7 |a Sozialer Wandel  |0 (DE-588)4077587-2  |0 (DE-603)085219908  |2 gnd 
650 7 |a Internationale Kooperation  |0 (DE-588)4120503-0  |0 (DE-603)085385085  |2 gnd 
650 7 |a Dissident  |0 (DE-588)4150218-8  |0 (DE-603)085617881  |2 gnd 
650 7 |a Zivilgesellschaft  |0 (DE-588)7668631-0  |0 (DE-603)214491838  |2 gnd 
773 0 8 |i Enthalten in  |t Europe Asia studies  |d New York, NY : Routledge, Taylor & Francis Group, 1993-  |h Online-Ressource  |x 1465-3427  |g Band 71, Heft 5 (2019), Seite 717-735  |w (DE-603)082062366  |w (DE-600)1483403-0 
856 |u https://doi.org/10.1080/09668136.2019.1600660 
924 1 |9 2080  |a (DE-603)1281312479  |b DE-2080  |c HES  |d d  |g /